000 00821cam a2200241 a 4500
001 3013908
005 20180116032806.0
008 940315s1995 nyua bf 001 0 eng c
010 _a 94013307
020 _a0195086414 (cloth : alk. paper)
040 _aDNLM/DLC
_cDLC
_dDLC
041 _aeng
060 1 0 _aWM 172 M484 1995
080 _a616.9 COH
082 0 0 _a616.9 COH
_220
100 _a3
101 _aSHM
245 0 0 _aMeasuring stress :
_cedited by Sheldon Cohen, Ronald C. Kessler, Lynn Underwood Gordon.
504 _aIncludes bibliographical references and index.
906 _a7
_bcbc
_corignew
_d1
_eocip
_f19
_gy-gencatlg
942 _2ddc
_cBK
999 _c40328
_d40328